Loading...
| Current Events | 2 | 20.00 | 100% | 100% | 0% |
| Fine Arts - Classical Music | 9 | 17.78 | 89% | 56% | 33% |
| Fine Arts - Other Fine Arts | 6 | 25.00 | 100% | 100% | 50% |
| Geography | 4 | 22.50 | 100% | 75% | 50% |
| History - American History | 5 | 18.00 | 100% | 40% | 40% |
| History - European History | 5 | 22.00 | 100% | 100% | 20% |
| History - Other History | 6 | 23.33 | 100% | 67% | 67% |
| History - World History | 5 | 22.00 | 100% | 80% | 40% |
| Literature - American Literature | 7 | 15.71 | 100% | 57% | 0% |
| Literature - British Literature | 7 | 17.14 | 86% | 71% | 14% |
| Literature - European Literature | 8 | 18.75 | 100% | 88% | 0% |
| Literature - World Literature | 8 | 16.25 | 100% | 63% | 0% |
| Mythology | 7 | 18.57 | 100% | 71% | 14% |
| Painting/Sculpture | 6 | 16.67 | 100% | 67% | 0% |
| Philosophy | 6 | 21.67 | 100% | 83% | 33% |
| Pop Culture | 6 | 25.00 | 100% | 100% | 50% |
| Religion | 6 | 16.67 | 100% | 50% | 17% |
| Science - Biology | 6 | 20.00 | 100% | 83% | 17% |
| Science - Chemistry | 7 | 22.86 | 100% | 86% | 43% |
| Science - Other Science | 5 | 14.00 | 100% | 20% | 20% |
| Science - Physics | 7 | 21.43 | 100% | 100% | 14% |
| Social Science | 6 | 20.00 | 100% | 67% | 33% |